Racing Club de Strasbourg - Les joueurs depuis 2020 - Statistiques

Statistiques générales
  • Ce quiz a été pris 23 fois
    2 depuis la dernière actualisation
  • Le résultat moyen est 35 sur 101
Statistiques - réponses
Saisons Poste Nationaité Match But Passe D Nom % Correct
2024- Défenseur Irlande 51 1 0 Andrew Omobamidele
100%
2023-2025 Milieu Brésil 45 12 4 Andrey Santos
100%
2025- Attaquant Côte d'Ivoire 9 0 0 David Datro Fofana
100%
2024- Attaquant Belgique 75 7 14 Diego Moreira
100%
2023-2026 Attaquant France 71 12 19 Dilane Bakwa
100%
2013-2023 Milieu France 335 35 49 Dimitri Liénard
100%
2023- Attaquant Pays-Bas 74 29 6 Emanuel Emegha
100%
2020-2023 Attaquant Sénégal 104 42 5 Habib Diallo
100%
2021- Défenseur France 128 4 4 Ismael Doukouré
100%
2019-2024 Milieu Haiti 138 7 12 Jean-Ricner Bellegarde
100%
2025- Attaquant Argentine 37 20 4 Joaquin Panichelli
100%
2025- Milieu Paraguay 42 13 8 Julio Enciso
100%
2005-20082021-2024 Attaquant France 144 33 2 Kévin Gameiro
100%
2024-2026 Défenseur Sénégal 44 0 1 Mamadou Sarr
100%
2018-2024 Gardien Belgique 173 0 0 Matz Sels
100%
2025- Gardien Belgique 50 0 0 Mike Penders
100%
2024- Milieu Argentine 56 4 11 Valentin Barco
100%
2024-2025 Attaquant France 1 0 0 Zoumana Diallo
100%
2025- Défenseur Argentine 2 0 0 Aaron Anselmino
50%
2018-2023 Milieu France 154 29 17 Adrien Thomasson
50%
2019-2023 Défenseur Ghana 126 3 3 Alexandre Djiku
50%
2023-2024 Gardien Maroc 19 0 0 Alla Bellaarouch
50%
2023-2024 Attaquant Brésil 25 0 3 Angelo
50%
2025- Défenseur Angleterre 34 0 3 Ben Chilwell
50%
2024-2025 Défenseur Etats-Unis 6 0 1 Caleb Wiley
50%
2024-2025 Gardien Serbie 31 0 0 Dorde Petrovic
50%
2018-2022 Gardien Japon 27 0 0 Eiji Kawashima
50%
2020-20212021-2024 Défenseur France 117 4 13 Frédéric Guilbert
50%
2024- Défenseur Côte d'Ivoire 68 3 10 Guéla Doué
50%
2018-2024 Milieu Mali 195 5 13 Ibrahima Sissoko
50%
2017-20192020-2021 Attaquant Algérié 39 6 0 Idriss Saadi
50%
2016-20182020-2021 2021-2023 Milieu Côte d'Ivoire 170 13 7 Jean-Eudes Aholou
50%
2023-20252025-2026 2026- Milieu France 51 2 4 Junior Mwanga
50%
2024- Gardien Suède 8 0 0 Karl-Johan Johnsson
50%
2021-20232024-2025 Défenseur Pologne 20 0 0 Karol Fila
50%
2025-2026 Attaquant Equateur 20 1 0 Kendry Paez
50%
2017-2021 Attaquant Mali 72 6 3 Kévin Zohi
50%
2018-20222022-2024 Attaquant Afrique du Sud 95 20 5 Lebo Mothiba
50%
2025- Défenseur Danemark 38 0 0 Lucas Hogsberg
50%
2021-2024 Défenseur France 95 1 3 Lucas Perrin
50%
2018-2023 Attaquant France 150 50 18 Ludovic Ajorque
50%
2025- Attaquant Côte d'Ivoire 44 16 5 Martial Godo
50%
2025- Milieu France 19 0 0 Mathis Amougou
50%
2025- Milieu Pologne 14 1 0 Maxi Oyedele
50%
2024-2025 Attaquant Serbie 2 0 0 Milos Lukovic
50%
2024-2025 Attaquant Colombie 2 0 0 Oscar Perea
50%
2023-2025 Défenseur Guinnée 25 0 2 Saidou Sow
50%
2023- Milieu Maroc 50 2 3 Samir El Mourabet
50%
2018-20192019-2024 Milieu Bosnie 102 4 3 Sanjin Prcic
50%
2024- Milieu Suède 66 16 9 Sébastian Nanasi
50%
2024-2025 Attaquant France 37 3 1 Sékou Mara
50%
2018-2021 Défenseur Serbie 101 4 1 Stefan Mitrovic
50%
2023-2026 Défenseur Côte d'Ivoire 51 4 0 Abakar Sylla
0%
2020-2021 Défenseur Mauritanie 1 0 0 Abdoulaye Ousmane
0%
2024- Défenseur/Milieu Côte d'Ivoire 60 5 1 Abdoul Ouattara
0%
2019-2022 Milieu Ghana 39 5 1 Abdul Majeed Waris
0%
2023-2024 Attaquant Comores 9 0 1 Aboubacar Ali Abdallah
0%
2024-2025 Défenseur France 1 0 0 Amadou Cissé
0%
2025- Défenseur Guinée 1 0 0 Amadou Cissé
0%
2016-2022 Défenseur France 114 2 9 Anthony Caci
0%
2022-2023 Défenseur France 2 0 0 Antoine Nuss
0%
2017-2021 Gardien Sénégal 38 0 0 Bingourou Kamara
0%
2022-2023 Défenseur France 21 0 0 Colin Dagba
0%
2022-2023 Attaquqant Haiti 4 0 0 Dany Jean
0%
2022-20242024-2025 Défenseur Ukraine 32 0 2 Eduard Sobol
0%
2024-2026 Milieu France 44 5 7 Félix Lemaréchal
0%
2022-2023 Défenseur France 2 0 0 Franci Bouebari
0%
2021-2024 Défenseur Cameroun 70 1 3 Gerzino Nyamsi
0%
2025- Attaquant Maroc 19 0 1 Gessime Yassine
0%
2021-2025 Milieu Sénégal 103 11 9 Habib Diarra
0%
2025- Milieu France 1 0 0 Idrissa Sabaly
0%
2017-2021 Défenseur France 4 0 0 Ismael Aaneba
0%
2025- Attaquant France 1 0 0 Jean-Baptiste Bosey
0%
2023-2025 Attaquant Martinique 30 2 0 Jérémy Sebas
0%
2023-2024 Milieu France 21 0 0 Jessy Deminguet
0%
2017-2021 Défenseur France 128 13 20 Kenny Lala
0%
2018-2021 Défenseur Côte d'Ivoire 72 5 1 Lamine Koné
0%
2018-2021 Défenseur France 53 0 4 Lionel Carole
0%
2020-2022 Milieu Mali 10 0 0 Mahamé Siby
0%
2022-20232023-2025 Défenseur France 52 2 2 Marvin Senaya
0%
2022-20232023-2025 Défenseur France 4 0 4 Marvin Senaya
0%
2021-2023 Défenseur France 40 1 1 Maxime Le Marchand
0%
2020-2022 Attaquant France 25 2 0 Mehdi Chahiri
0%
2023-2024 Attaquant France 3 1 0 Mohamed Bechikh
0%
2018-2021 Défenseur France 43 1 1 Mohamed Simakan
0%
2020-20222023-2024 Attaquant Côte d'Ivoire 36 6 1 Moise Sahi Dion
0%
2022-2023 Milieu France 18 1 2 Morgan Sanson
0%
2021-20232024-2025 Attaquant France 13 0 2 Nordine Kandil
0%
2024-2025 Milieu Sénégal 11 1 0 Pape Diong
0%
2023-2024 Attaquant Côte d'Ivoire 1 0 0 Patrick Ouotro
0%
2023-202422025-2026 Milieu France 14 0 1 Rabby Nzingoula
0%
2025- Milieu Portugal 18 0 1 Rafael Luis
0%
2024-2025 Attaquant France 2 2 0 Rayane Messi
0%
2022-2023 Défenseur France 16 0 1 Ronael Pierre-Gabriel
0%
2024- Attaquant Angleterre 47 4 4 Samuel Amo-Ameyaw
0%
2023-2024 Défenseur France 3 0 1 Steven Baseya
0%
2022-2025 Défenseur France 49 1 3 Thomas Delaine
0%
2025- Milieu France 4 0 0 Tyrese Noubissie
0%
2025- Attaquant Sénégal 3 0 0 Yaya Dieme
0%
2024-2025 Défenseur France 1 0 0 Yoni Gomis
0%
2022-2023 Milieu Japon 3 1 0 Yuito Suzuki
0%
Aucun quiz correspondant
Distribution des résultats
% des personnes avec chaque résultat
Percentile par nombre de réponses
Votre historique - résultats
Vous n’avez pas pris ce quiz depuis la dernière actualisation